ՀՀ Գիտությունների ազգային ակադեմիայի հիմնարար գիտական գրադարան  =   Fundamental Scientific Library of NAS RA

Կարճ միացում / : (Record no. 8855)

MARC details
000 -LEADER
fixed length control field 00981nam a2200229 a 4500
001 - CONTROL NUMBER
control field 000022785
003 - CONTROL NUMBER IDENTIFIER
control field AM-YEHGA
005 - DATE AND TIME OF LATEST TRANSACTION
control field 20250618070838.0
008 - FIXED-LENGTH DATA ELEMENTS--GENERAL INFORMATION
fixed length control field 030329s1980 ai |||||||||||||||1|arm|d
040 ## - CATALOGING SOURCE
Original cataloging agency AM-YeHGA
041 0# - LANGUAGE CODE
Language code of text/sound track or separate title arm
090 ## - LOCALLY ASSIGNED LC-TYPE CALL NUMBER (OCLC); LOCAL CALL NUMBER (RLIN)
-- 8916
100 1# - MAIN ENTRY--PERSONAL NAME
Personal name Ոսկանյան, Արտակ Սուրենի,
Dates associated with a name 1938-2019
9 (RLIN) 2758
245 10 - TITLE STATEMENT
Title Կարճ միացում / :
Remainder of title [Պոեմ, բանաստեղծություններ, պատմական մանրապատում] /
Statement of responsibility, etc. Ա.Ս. Ոսկանյան ; խմբ.՝ Գ.Լ. Արշակյան.
260 ## - PUBLICATION, DISTRIBUTION, ETC.
Place of publication, distribution, etc. Երևան :
Name of publisher, distributor, etc. Սովետական գրող ,
Date of publication, distribution, etc. 1980.
300 ## - PHYSICAL DESCRIPTION
Extent 265 էջ :
Other physical details 1թ. դիմանկ. ;
Dimensions 17սմ.
650 14 - SUBJECT ADDED ENTRY--TOPICAL TERM
Topical term or geographic name entry element Հայ գրականություն
General subdivision Պոեզիա
650 14 - SUBJECT ADDED ENTRY--TOPICAL TERM
Topical term or geographic name entry element Հայ գրականություն
General subdivision Մանրապատում
700 1# - ADDED ENTRY--PERSONAL NAME
Personal name Արշակյան, Գևորգ Լիպարիտի,
Dates associated with a name 1928-2002
Relator term խմբ.
Relationship edt
9 (RLIN) 1827
740 0# - ADDED ENTRY--UNCONTROLLED RELATED/ANALYTICAL TITLE
Uncontrolled related/analytical title Թագադրում [Պատմական մանրապատում]
942 ## - ADDED ENTRY ELEMENTS (KOHA)
Source of classification or shelving scheme Universal Decimal Classification
Koha item type Գրքեր / Books
Holdings
Withdrawn status Lost status Damaged status Not for loan Collection Home library Current library Date acquired Total checkouts Full call number Barcode Date last seen Cost, replacement price Price effective from Koha item type Public note
        General Fundamental Scientific Library Fundamental Scientific Library 21/12/2016   AI/15965 FL0056733 21/12/2016 85.00 21/12/2016 Գրքեր / Books 30 Days Loan
        General Fundamental Scientific Library Fundamental Scientific Library 21/12/2016   AI/15985 FL0055875 21/12/2016   21/12/2016 Գրքեր / Books 30 Days Loan
        General Fundamental Scientific Library Fundamental Scientific Library 21/12/2016   AI/16159 FL0057302 21/12/2016 85.00 21/12/2016 Գրքեր / Books 30 Days Loan


ՀՀ ԳԱԱ հիմնարար գիտական գրադարան
ՀՀ,Երևան 0019
Մարշալ Բաղրամյան 24/6
հեռախոս:(374-10) 52-47-50
Հետադարձ կապ

All site content, except where otherwise noted, is licensed under a
Creative Commons License